Územní plánování v Bavorsku.

Postavenie územného plánovania v Bavorsku v kontexte s ostatnou správnou sférou. Realizácia zámerov priestorového usporiadania krajiny a zachovania zdravého životného prostredia. Špecifické podmienky rozvoja štruktúrne slabých území. Organizácia územného plánovania a realizácia programu územného roz...

Descrizione completa

Salvato in:
Dettagli Bibliografici
Autore principale: Andrle, Alois
Natura: Capitolo di libro
Lingua:ceco
Soggetti:
Tags: Aggiungi Tag
Nessun Tag, puoi essere il primo ad aggiungerne!!

MARC

LEADER 00000naa a2200000 4500
001 r005752
005 20221125081544.5
041 0 |a cze 
044 |a [CS] 
245 1 0 |a Územní plánování v Bavorsku.  |c A. Andrle 
520 |a Postavenie územného plánovania v Bavorsku v kontexte s ostatnou správnou sférou. Realizácia zámerov priestorového usporiadania krajiny a zachovania zdravého životného prostredia. Špecifické podmienky rozvoja štruktúrne slabých území. Organizácia územného plánovania a realizácia programu územného rozvoja Bavorska. Medzinárodná spolupráca orgánov územného plánovania s partnerskými organizáciami. 
610 2 0 |a plánovanie územné 
610 2 0 |a Bavorsko 
610 2 0 |a ochrana prostredia životného 
610 2 0 |a rozvoj regionálny 
100 1 |a Andrle, Alois